Places To Study

There are group study rooms, individual study carrels, computer labs, and other spaces to study in the Libraries.

Reserve A Group Room

Online Resources

Access thousands of eBooks, audiobooks, and online journals from the comfort of your home.

Explore Resources

Events and Workshops

Join our upcoming events and workshops to enhance your skills and knowledge.

View Events

Myanmar's transition : (Record no. 2760)

MARC details
000 -LEADER
fixed length control field 01423nam a22003017a 4500
003 - CONTROL NUMBER IDENTIFIER
control field OSt
005 - DATE AND TIME OF LATEST TRANSACTION
control field 20251220141806.0
008 - FIXED-LENGTH DATA ELEMENTS--GENERAL INFORMATION
fixed length control field 251220b |||||||| |||| 00| 0 eng d
020 ## - INTERNATIONAL STANDARD BOOK NUMBER
International Standard Book Number 9789814414166
040 ## - CATALOGING SOURCE
Transcribing agency DCL
041 ## - LANGUAGE CODE
Language code of text/sound track or separate title English
082 ## - DEWEY DECIMAL CLASSIFICATION NUMBER
Classification number 959.1
245 00 - TITLE STATEMENT
Title Myanmar's transition :
Remainder of title openings, obstacles, and opportunities /
Statement of responsibility, etc. edited by Nick Cheesman, Monique Skidmore, Trevor Wilson.
260 ## - PUBLICATION, DISTRIBUTION, ETC.
Place of publication, distribution, etc. Singapore :
Name of publisher, distributor, etc. Institute of Southeast Asian Studies,
Date of publication, distribution, etc. 2012.
300 ## - PHYSICAL DESCRIPTION
Extent xvi, 374 pages :
Other physical details illustrations, maps ;
Dimensions 23 cm.
490 ## - SERIES STATEMENT
Series statement Myanmar update series.
500 ## - GENERAL NOTE
General note "The eleventh Myanmar/Burma Update Conference was held at the ANU, Canberra on Monday, 16 and Tuesday, 17 May 2011" -- Page [xi]<br/>
502 ## - DISSERTATION NOTE
Dissertation note part I. Overview<br/>part II. Introduction<br/>part III. Political update<br/>part IV. Economic update<br/>part V. The role of the media<br/>part VI. The rule of law<br/>part VII. The continued importance of international assistance.
504 ## - BIBLIOGRAPHY, ETC. NOTE
Bibliography, etc. note Includes bibliographical references and index.
650 ## - SUBJECT ADDED ENTRY--TOPICAL TERM
Topical term or geographic name entry element Journalism
General subdivision Political aspects
Geographic subdivision Myanmar
Form subdivision Congresses
650 ## - SUBJECT ADDED ENTRY--TOPICAL TERM
Topical term or geographic name entry element Law
Geographic subdivision Myanmar
Form subdivision Congresses
651 ## - SUBJECT ADDED ENTRY--GEOGRAPHIC NAME
Geographic name Myanmar
General subdivision Politics and government
Chronological subdivision 21st century
Form subdivision Congresses
651 ## - SUBJECT ADDED ENTRY--GEOGRAPHIC NAME
Geographic name Myanmar
General subdivision Economic conditions
Form subdivision Congresses
700 1# - ADDED ENTRY--PERSONAL NAME
Personal name Cheesman, Nick
Relator term editor
700 1# - ADDED ENTRY--PERSONAL NAME
Personal name Skidmore, Monique
Relator term editor
700 1# - ADDED ENTRY--PERSONAL NAME
Personal name Wilson, Trevor
Relator term editor
942 ## - ADDED ENTRY ELEMENTS (KOHA)
Source of classification or shelving scheme Dewey Decimal Classification
Koha item type Short Term
Suppress in OPAC No
Holdings
Withdrawn status Lost status Source of classification or shelving scheme Damaged status Not for loan Collection Accession No. Home library Current library Shelving location Date acquired Total checkouts Full call number Barcode Date last seen Price effective from Koha item type
    Dewey Decimal Classification     English Collection 652 Dhammadhara Dhammadhara English Shelves 20/12/2025   959.1 My 652 EB00000652 20/12/2025 20/12/2025 Short Term